000 00740nam a22002297a 4500
999 _c7051
_d7051
001 7051
003 BD-JhCC
005 20220811134024.0
008 180204b1995 bh ||||| ||a| 000 0 ben d
020 _a9844018080
035 _a(BD-JhCC)7051
040 _aBD-JhCC
_dBD-JhCC
041 _aben
082 _a954.905
_bSID 1995
100 _aসিদ্দিকী, জিল্লুর রহমান
245 _aবঙ্গবন্ধু ও বাংলাদেশ /
_cজিল্লুর রহমান সিদ্দিকী
260 _aঢাকা :
_bআগামী প্রকাশনী,
_c1995.
300 _a127 p. :
_c21 cm.
650 _aLiberation
_zBangladesh
942 _2ddc
_cBK
_02